书目信息 |
| 题名: |
小型氮肥厂安全操作技术
|
|
| 作者: | 江苏省燃化局 组织编写 ;江苏省燃化局组织 编写 | |
| 分册: | ||
| 出版信息: | 北京 石油化学工业出版社 1975 |
|
| 页数: | 198页 | |
| 开本: | 19cm | |
| 丛书名: | ||
| 单 册: | ||
| 中图分类: | TQ44 | |
| 科图分类: | ||
| 主题词: | 化肥厂-氮肥--生产工艺 , 氮肥-化肥厂--生产工艺 | |
| 电子资源: | ||
| ISBN: | ||
| 000 | 00849nam0 2200265 45 | |
| 001 | 0175002602 | |
| 005 | 20060518153001.81 | |
| 010 | @dCNY0.46 | |
| 091 | @a15063.化83 | |
| 100 | @a19951017d1975 em y0chiy0121 ea | |
| 101 | 0 | @achi |
| 102 | @aCN@b110000 | |
| 105 | @ay z 000yy | |
| 200 | 10 | @a小型氮肥厂安全操作技术@Axiao xing dan fei chang an quan cao zuo ji shu@f江苏省燃化局组织编写@Fjiang su sheng ran hua ju zu zhi bian xie |
| 205 | @a新1版 | |
| 210 | @a北京@c石油化学工业出版社@d1975 | |
| 215 | @a198页@d19cm | |
| 606 | @a化肥厂-氮肥@x生产工艺 | |
| 606 | @a氮肥-化肥厂@x生产工艺 | |
| 690 | @aTQ44@v3 | |
| 701 | 0 | @a江苏省燃化局@Ajiang su sheng ran hua ju@4组织编写 |
| 711 | 02 | @a江苏省燃化局组织@Ajiang su sheng ran hua ju zu zhi@4编写 |
| 801 | 0 | @aCN@bTSSF@c20060518 |
| 801 | 2 | @aCN@bNLC@c20060427 |
| 905 | @a10447@dTQ44@e10 | |
| 小型氮肥厂安全操作技术/江苏省燃化局组织编写.-新1版.-北京:石油化学工业出版社,1975 |
| 198页;19cm |
| ISBN :CNY0.46 |
| ● |
| 相关链接 |
|
|
|
|
正题名:小型氮肥厂安全操作技术
索取号:TQ44/10
 
预约/预借
| 序号 | 登录号 | 条形码 | 馆藏地/架位号 | 状态 | 备注 |
| 1 | 0017538 | 202347344 | 密集书库/ [索取号:TQ44/10] | 在馆 | |
| 2 | 0017539 | 202296657 | 密集书库/ [索取号:TQ44/10] | 在馆 |